000 00429nam a22001577a 4500
999 _c12263
_d12263
008 210127b ||||| |||| 00| 0 eng d
082 0 0 _a629.8
_bM9781
100 _94439
_aMurphy, Gordon J.
245 1 0 _aBasic automatic control theory
_cGordon J Murphy
250 _a2nd ed.
260 _aNew Delhi
_bD.Van Nostrand Company
_c1966
300 _axiii, 832p.
365 _d22.00
650 0 _aAutomatic Control
942 _cBK